| 000 | 01198nam a2200289Ia 4500 | ||
|---|---|---|---|
| 003 | OSt | ||
| 005 | 20210806144640.0 | ||
| 008 | 210310s1961 mx ad fr 001 0 spa d | ||
| 040 |
_aCO-JMCR _cCO-JMCR |
||
| 041 | 1 |
_aspa _heng |
|
| 082 | 0 | 4 |
_a332.494 / _bT827c _223 |
| 100 | 1 |
_aTriffin, Robert, _916711 _eautor |
|
| 245 | 1 | 3 |
_aEl caos monetario : _bdel bilateralismo a la casi convertibilidad en Europa 1947-1956 / _cRobert Triffin ; traducción de María Teresa Márquez de Silva Herzog |
| 250 | _a1a. edición en español | ||
| 260 |
_aMéxico : _bFondo de Cultura Económica, _c1961 |
||
| 300 |
_axviii, 370 páginas : _bilustraciones y gráficas a blanco y negro ; _c22 cm. |
||
| 490 | 0 | _aSección de Obras de Economía | |
| 500 | _aIncluye índice analítico. Título original: Europe and the Money Muddle: from Bilateralism to Near-Convertibility | ||
| 505 | 0 | _aLa escasez mundial de dólares -- | |
| 546 | _aTraducido del inglés. | ||
| 650 | 1 | 4 |
_a Moneda _916713 |
| 650 | 2 | 4 |
_aDeflación (Economía) _939172 |
| 650 | 2 | 4 |
_aInflación (Economía) _939173 |
| 650 | 2 | 4 |
_aEconomía _939174 |
| 700 | 1 |
_aMárquez de Silva Herzog, María Teresa, _etraductora _939175 |
|
| 942 |
_2ddc _cBK |
||
| 999 |
_c8237 _d8237 |
||